000 00370nam a2200145Ia 4500
008 230917s9999||||xx |||||||||||||| ||und||
040 _e46513
_aMAIN
041 _aEnglish
082 _a821.8 Y34P:Y
100 _aPierce, David
245 0 _aW B Yeats: A guide through the critical maze
260 _aBristal
_bBristol Press
_c1989
300 _ax, 149 p.
942 _cBK
999 _c94844
_d94844